000 00617nam a2200229Ia 4500
003 OSt
005 20221007072346.0
006 a|||||r|||| 00| 0
007 ta
008 221006b |||||||| |||| 00| 0 eng d
024 _a26,050
037 _cTextual
040 _aFLL
_cFLL
_beng
041 _2eng
_aeng
082 _aZ53:88:9, J4
100 _aHamson c.J.
_9345253
245 0 _aExecutive discretion and judicial control
260 _aLondon
_bStevens & Sons Ltd. London
_c1954
300 _ax,1-222p
_ccm.
942 _hZ53:88:9, J4
_cTEXL
_2CC
999 _c1145855
_d1145855